Uma aventura no Egipto (Registo nº 1256)

Detalhes MARC
000 -Etiqueta do registo
Cabeçalho 00822nam a2200289 4500
005 - Identificador da versão
Campo de controlo 20240822201858.0
010 ## - Número internacional normalizado dos livros (ISBN)
Número (ISBN) 9722112392
021 ## - Número do Depósito Legal
Código do país PT
Número 133941/99
100 ## - Dados gerais de processamento
Dados gerais de processamento 20041104d2004 d y0pory5003 ba
101 0# - Língua de publicação
Língua do texto, banda sonora, etc. Português
102 ## - Pais de publicação ou produção
País de publicação Portugal
105 ## - Campo de dados codificados: livros
Dados codificados dos livros a z 000ay
106 ## - Campo de dados codificados: material textual
Dados codificados do material textual r
200 1# - Titulo e menção de responsabilidade
Título próprio Uma aventura no Egipto
Primeira menção de responsabilidade Ana Maria Magalhães, Isabel Alçada
Outras menções de responsabilidade il. Arlindo Fagundes
205 ## - Menção da edição
Menção da edição 3ª ed
210 ## - Publicação, Distribuição, etc. 
Lugar da edição, distribuição, etc. Lisboa
Nome do editor, distribuidor, etc. Caminho
Data da publicação, distribuição, etc. imp. 2004
215 ## - Descrição física 
Indicação específica da natureza do documento e extensão da espécie 250, [5] p.
Outras indicações físicas il.
Dimensões 18 cm
225 2# - Colecção 
Título próprio da colecção Uma aventura
Indicação de volume 40
675 ## - Classificação Decimal Universal (CDU)
Notação 087.5
Edição BN
Língua da edição por
Notação 821.134.3-93"19"
Edição BN
Língua da edição por
Notação 821.134.3-311.3"19"
Edição BN
Língua da edição por
700 #1 - Nome de autor-pessoa física (responsabilidade principal)
Número de registo de entrada de autoridade 0000674
Palavra de ordem Magalhães
Outra parte do nome não tomada para palavra de ordem Ana Maria
Datas 1946-
701 #1 - Nome de autor-pessoa física (co-responsabilidade principal)
Palavra de ordem Alçada
Outra parte do nome não tomada para palavra de ordem Isabel
Elementos de identificação ou distinção pseud.
Código de função Autor / Co-autor
702 #1 - Nome de autor-pessoa física (responsabilidade secundária)
Número de registo de entrada de autoridade 0001400
Palavra de ordem Fagundes
Outra parte do nome não tomada para palavra de ordem Arlindo
Código de função Ilustrador / Técnico de desenho computorizado
942 ## - Elementos de entrada adicionados (Koha)
Tipo de item no Koha Livro
Exemplares
Situação do levantamento Origin of item (home branch) (coded) Biblioteca de empréstimo Código de barras Cota Circulation type (not for loan) Tipo de documento Nota do exemplar Damaged status
  Biblioteca Escolar Eng. Nuno Mergulhão Biblioteca Escolar Eng. Nuno Mergulhão BENM2624 8POR MAG   Livro Sem mensagem